000 01974cam a22004934i 4500
003 PE-LiUPU
005 20250731172721.0
008 150617s1965 sp rb 000 0 spa d
035 _a(Sirsi) a11070
040 _aPE-LiUPU
_bspa
_cPE-LiUPU
_erda
049 _aPRUA
082 0 4 _a230
_bS31
_221
100 1 _aSchmaus, Michael,
_eautor.
245 1 0 _aTeologia dogmatica :
_blos Novisimos /
_cMichael Schmaus.
264 1 _aMadrid :
_bRialp,
_c1965.
300 _a674 páginas ;
_c22 centímetros.
336 _atext
_2rdacontent
337 _aunmediated
_2rdamedia
338 _avolume
_2rdacarrier
490 0 _aManuales de la biblioteca del pensamiento actual
504 _aIncluye bibliografía.
505 0 _aEscatología general: la constitución fundamental-temporal e historia-del hombre como condición del futuro último, la historicidad de la revelación como condición de un futuro último, el reino de Dios como contenido de la revelación divina -- Escatología individual: ontología de la muerte, "ethos" de la muerte.
526 _aSEG42
526 _aSEG41
526 _aSEG40
526 _aSEG39
526 _aP94
526 _aP87
526 _aP86
526 _aP85
526 _aP77
526 _aP76
526 _aP35
650 0 4 _aEscatología.
_95923
910 _ajck
_bjvq
_cjck
_d20150616
942 _2ddc
_cBOOK
949 _a230 S31 7
_wDEWEY
_c1
_i21625
_lCCODEBUL1
_mBUL
_p00.00
_r0
_sY
_tBOOK
_u2015-04-21
_xTEOLOGIA
_PP35
_0COMPRA
_o.STAFF. Colección General
994 _aC0
_bPEPRU
596 _a1
999 _a230 S31 7
_wDEWEY
_c1182
_i21625
_d1182
_e2017-11-12
_f2021-11-9
_g5
_lCCODEBUL1
_mBUL
_n1
_p77.97
_q1
_r0
_sY
_tBOOK
_u2015-4-21
_xTEOLOGIA
_PP35
_0COMPRA
_o.STAFF. Colección Teología
999 _a230 S31 7
_wDEWEY
_c1
_i37576
_f2021-11-9
_g5
_lCCODEBUL1
_mBUL
_r0
_sY
_tBOOK
_u2016-8-22
_xTEOLOGIA
_PP35
_0COMPRA
_o.STAFF. Colección General
980 _81
_gALBERTO SANCHEZ Responsable de Automatización